000 00665cam a2200157 4500
001 WS114152
008 010815n 000 0 eng u
035 _a(Sirsi) u114152
245 _aWorld Valuation Congress
520 _aWeb site for this international conference which provides a forum for discussion of the valuation of real estate by valuers and appraisers. Includes synopses pf papers from past conferences.
650 _aINTERNATIONAL
650 _aCONFERENCE
690 _aPROPERTY-PROPERTY APPRAISAL AND VALUATION
856 4 0 _uhttps://www.worldvaluationcongress.org
_zView the website free of charge at www.worldvaluationcongress.org...
942 _n0
999 _c119845
_d119845